000 00547nam a2200145Ia 4500
008 100122s9999 xx 000 0 und d
082 _b25588
_a823
100 _aअष्टीकर मंदाकिनी
245 _aढगामधल्या पुसल्या रेषा
260 _bहेमचंद्र प्रकाशन
_c1977
300 _a321
630 _aढगामधल्या पुसल्या रेषा
730 _aढगामधल्या पुसल्या रेषा
942 _cBOOK
999 _c412310
_d412307